DICTIONARY OF PHYSICS: ENGLISH - FRENCH - ARABIC : (Record no. 16582)
[ view plain ]
| 000 -الفاتح | |
|---|---|
| حقل البيانات ثابتة الطول | 00687nam a2200217Ia 4500 |
| 008 - عناصر البيانات ثابتة الطول - معلومات عامة | |
| حقل البيانات ثابتة الطول | 140319s9999 xx 000 0 eng d |
| 040 ## - مصدر الفهرسة | |
| وكالة الفهرسة الأصلية | GCL / |
| وكالة النسخ | GCL |
| 082 04 - رقم تصنيف ديوى العشرى | |
| رقم التصنيف | REF |
| رقم المادة | 530.03 |
| -- | I D |
| 100 1# - المدخل الرئيسى - إسم شخصى | |
| الإسم الشخصى | MOHAMAD DEBS |
| 245 10 - بيان العنوان | |
| العنوان | DICTIONARY OF PHYSICS: ENGLISH - FRENCH - ARABIC : |
| بقية العنوان | معجم الفيزياء : انكليزى - فرنسى - عربى / |
| بيان المسئوليه,etc | MOHAMAD DEBS |
| 700 1# - المدخل الاضافى - اسم شخصى | |
| الإسم الشخصى | IBRAHIM, HAMMOUDA |
| 250 ## - بيان الطبعة | |
| بيان الطبعة | FIRST |
| 260 ## - PUBLICATION, DISTRIBUTION, ETC. (IMPRINT) | |
| تاريخ النشر أو التوزيع | 1992 |
| 300 ## - الوصف المادى | |
| التعداد | 25 CM ؛ |
| أبعاد الوعاء | 630 P |
| 490 ## - بيان السلسلة | |
| عنوان السلسلة | ACADEMIC REFERENCE DICTIONARIES |
| رقم المجلد/ التعيين التسلسلي | 0 |
| 650 04 - المدخل الاضافى بالموضوع-مصطلح موضوعى | |
| مصطلح موضوعي | PHYSICS |
| 650 04 - المدخل الاضافى بالموضوع-مصطلح موضوعى | |
| مصطلح موضوعي | DICTIONARIES |
| 650 04 - المدخل الاضافى بالموضوع-مصطلح موضوعى | |
| مصطلح موضوعي | PHYSICS - DICTIONARY |
| 942 ## - عناصر المدخل الإضافي( كوها) | |
| مصدر التصنيف او مخطط الترفيف | Dewey Decimal Classification |
| Koha [default] item type | المراجع |
| 260 ## - PUBLICATION, DISTRIBUTION, ETC. (IMPRINT) | |
| -- | بيروت : |
| -- | ACADEMIC PRESS LIMITED. ، |
| حالة التراجع | حالة الفقد | حالة تلف | ليس للاعارة | المكان المؤقت | الموقع الحالى | تاريخ الاكتساب | اجمالي اﻻعارات | رقم الطلب | الباركود | تاريخ اخر مشاهدة | تاريخ تفعيل السعر | نوع وعاء كوها |
|---|---|---|---|---|---|---|---|---|---|---|---|---|
| مكتبة القاهرة الكبرى | مكتبة القاهرة الكبرى | 03/26/2014 | REF\530.03\I D | 30075 | 03/26/2014 | 03/26/2014 | المراجع | |||||
| مكتبة القاهرة الكبرى | مكتبة القاهرة الكبرى | 03/26/2014 | REF\530.03\I D | 30076 | 03/26/2014 | 03/26/2014 | المراجع | |||||
| مكتبة القاهرة الكبرى | مكتبة القاهرة الكبرى | 03/26/2014 | REF\530.03\I D | 30077 | 03/26/2014 | 03/26/2014 | المراجع | |||||
| مكتبة القاهرة الكبرى | مكتبة القاهرة الكبرى | 03/26/2014 | REF\530.03\I D | 30078 | 03/26/2014 | 03/26/2014 | المراجع |

